000 00781nam a2200241Ia 4500
003 OSt
005 20220930194933.0
006 a|||||r|||| 00| 0
007 ta
008 220926b |||||||| |||| 00| 0 eng d
024 _a13426
037 _cDissertations
040 _aCRL
_cCRL
_beng
041 _2eng
_aeng
100 _aRoll No. 5
_9563628
110 _aUniversity of Delhi. Faculty of Education. Department of Education
245 0 _aComparative study of English language curriculum as prescribed for secondary classes in the middle east (Republic of Iraw) and India
260 _c1974
650 _aEDUCATION
700 _aUniversity of Delhi. Faculty of Education. Department of Education
942 _cDIS
_2CC
999 _c898354
_d898354